| 000 | 00378cam a22001097a 4500 | ||
|---|---|---|---|
| 008 | 180718b xxu||||| |||| 00| 0 eng d | ||
| 082 | _aU6 : W3x54 In2 | ||
| 245 | _aStatistical bulletin of state road transport undertakings in India | ||
| 260 |
_aNew Delhi _bGovernment of India _c |
||
| 500 | _aContents: Library has 1959-1961 | ||
| 650 | _aIndia (Republic). Transport Research Division | ||
| 999 |
_c494227 _d494227 |
||